[Event "MNT-chT"]
[Site "Cetinje"]
[Date "2010.07.28"]
[Round "5"]
[White "Savic, Miomir"]
[Black "Stanicic, Josip"]
[Result "1/2-1/2"]
[WhiteElo "2207"]
[BlackElo "2123"]
[PlyCount "23"]
[EventDate "2010.07.24"]
[EventType "team-swiss"]
[EventRounds "9"]
[EventCountry "MNE"]
[SourceTitle "CBM 137 Extra"]
[Source "ChessBase"]
[SourceDate "2010.09.01"]
[SourceVersion "1"]
[SourceVersionDate "2010.09.01"]
[SourceQuality "1"]

1. d4 d5 2. c4 c6 3. Nc3 Nf6 4. Nf3 Bf5 5. e3 e6 6. Qb3 Qb6 7. c5 Qc7 8. Be2 Nbd7 9. Bd2 Be7 10. 0-0 0-0 11. h3 h6 12. Rfe1 1/2-1/2

[Event "MNT-chT"]
[Site "Cetinje"]
[Date "2010.07.27"]
[Round "4"]
[White "Stanicic, Josip"]
[Black "Bukvic, Mihailo"]
[Result "1/2-1/2"]
[WhiteElo "2123"]
[BlackElo "2178"]
[PlyCount "49"]
[EventDate "2010.07.24"]
[EventType "team-swiss"]
[EventRounds "9"]
[EventCountry "MNE"]
[SourceTitle "CBM 137 Extra"]
[Source "ChessBase"]
[SourceDate "2010.09.01"]
[SourceVersion "1"]
[SourceVersionDate "2010.09.01"]
[SourceQuality "1"]

1. d4 f5 2. g3 Nf6 3. Bg2 e6 4. Nf3 d5 5. 0-0 Bd6 6. c4 c6 7. b3 0-0 8. Ba3 Bxa3 9. Nxa3 Nbd7 10. Nc2 Qe8 11. e3 Qh5 12. Nce1 Ne4 13. Nd3 Ng5 14. Nfe5 Qxd1 15. Rfxd1 Nxe5 16. Nxe5 Nf7 17. Nd3 Nd6 18. Rdc1 Bd7 19. a4 Rae8 20. a5 a6 21. Ne5 Bc8 22. f4 Nf7 23. Nf3 Nd6 24. Ne5 Nf7 25. Nf3 1/2-1/2

[Event "MNT-chT"]
[Site "Cetinje"]
[Date "2010.07.26"]
[Round "3"]
[White "Scekic, Veljko"]
[Black "Stanicic, Josip"]
[Result "1-0"]
[WhiteElo "2146"]
[BlackElo "2123"]
[PlyCount "81"]
[EventDate "2010.07.24"]
[EventType "team-swiss"]
[EventRounds "9"]
[EventCountry "MNE"]
[SourceTitle "CBM 137 Extra"]
[Source "ChessBase"]
[SourceDate "2010.09.01"]
[SourceVersion "1"]
[SourceVersionDate "2010.09.01"]
[SourceQuality "1"]

1. c4 e6 2. Nf3 Nf6 3. g3 d5 4. b3 b6 5. Bg2 Bb7 6. 0-0 Be7 7. Bb2 Nbd7 8. d4 0-0 9. Ne5 c6 10. f4 Rc8 11. Nd2 Qc7 12. e3 Rfd8 13. g4 dxc4 14. bxc4 c5 15. g5 Ne8 16. d5 Nf8 17. e4 f6 18. gxf6 Bxf6 19. Qc2 b5 20. cxb5 exd5 21. exd5 Bxd5 22. Bxd5+ Rxd5 23. Qc4 Rcd8 24. Ne4 Kh8 25. Rad1 Bxe5 26. Bxe5 Qd7 27. Rxd5 Qxd5 28. Qxc5 Qxc5+ 29. Nxc5 Rd5 30. Rc1 Kg8 31. Bb8 Nd6 32. a4 Ng6 33. Bxa7 Nxf4 34. Rc2 Rg5+ 35. Kf1 Nf5 36. Ne4 Rg4 37. Rc8+ Kf7 38. b6 Ne3+ 39. Kf2 Nfd5 40. b7 Nd1+ 41. Ke1 1-0

[Event "MNT-chT"]
[Site "Herceg Novi"]
[Date "2007.09.04"]
[Round "2"]
[White "Stanicic, Josip"]
[Black "Kosic, Dragan"]
[Result "0-1"]
[WhiteElo "2126"]
[BlackElo "2501"]
[PlyCount "58"]
[EventDate "2007.09.03"]
[EventType "team-tourn"]
[EventRounds "9"]
[EventCountry "MNE"]
[SourceTitle "CBM 120 Extra"]
[Source "ChessBase"]
[SourceDate "2007.11.01"]
[SourceVersion "1"]
[SourceVersionDate "2007.11.01"]
[SourceQuality "1"]

1. d4 e6 2. Nf3 c5 3. c3 Nf6 4. Bg5 Qb6 5. Qb3 Nc6 6. e3 d5 7. Nbd2 Be7 8. Be2 0-0 9. 0-0 Rd8 10. Rac1 Bd7 11. Ne5 Be8 12. Rfd1 Rac8 13. h3 h6 14. Bh4 Kf8 15. Bg3 Nxe5 16. Bxe5 c4 17. Qc2 Qa5 18. e4 Bc6 19. exd5 Bxd5 20. Bf3 Kg8 21. Re1 Rc6 22. Ra1 Rdc8 23. Ne4 Nd7 24. Bg3 Ra6 25. Qe2 Qb6 26. Nd2 Qc6 27. Bxd5 Qxd5 28. Qe4 Ra5 29. Qxd5 Rxd5 0-1

[Event "MNT-chT"]
[Site "Herceg Novi"]
[Date "2007.09.03"]
[Round "1.1"]
[White "Pejovic, Jovan"]
[Black "Stanicic, Josip"]
[Result "1-0"]
[WhiteElo "2193"]
[BlackElo "2126"]
[PlyCount "61"]
[EventDate "2007.09.03"]
[EventType "team-tourn"]
[EventRounds "9"]
[EventCountry "MNE"]
[SourceTitle "CBM 120 Extra"]
[Source "ChessBase"]
[SourceDate "2007.11.01"]
[SourceVersion "1"]
[SourceVersionDate "2007.11.01"]
[SourceQuality "1"]

1. g3 d5 2. Bg2 Nf6 3. d3 c6 4. Nd2 Bf5 5. e4 dxe4 6. dxe4 Bg4 7. f3 Bc8 8. Nh3 Bxh3 9. Bxh3 e6 10. Qe2 Nbd7 11. 0-0 Be7 12. f4 Nc5 13. e5 Qd4+ 14. Kh1 Nd5 15. Bg2 h5 16. Nf3 Qb4 17. c4 Nc7 18. Be3 h4 19. gxh4 0-0-0 20. Rad1 Na4 21. Rxd8+ Rxd8 22. b3 Nb6 23. Qc2 Bc5 24. Bd2 Qa3 25. Rb1 Be7 26. Be1 Bb4 27. Bg3 Qa5 28. a4 Qa6 29. Rd1 Be7 30. Rxd8+ Bxd8 31. f5 1-0

[Event "SCG-chT1"]
[Site "Vrnjacka Banja"]
[Date "2005.10.19"]
[Round "3"]
[White "Stanicic, Josip"]
[Black "Benkovic, Petar"]
[Result "0-1"]
[WhiteElo "2130"]
[BlackElo "2431"]
[PlyCount "84"]
[EventDate "2005.10.17"]
[EventType "team"]
[EventRounds "11"]
[EventCountry "YUG"]
[SourceTitle "EXT 2006"]
[Source "ChessBase"]
[SourceDate "2005.11.24"]
[SourceVersion "1"]
[SourceVersionDate "2005.11.24"]
[SourceQuality "1"]

1. d4 d5 2. Nf3 c5 3. c3 Nd7 4. Bf4 Ngf6 5. e3 g6 6. Be2 Bg7 7. 0-0 0-0 8. Nbd2 b6 9. h3 Bb7 10. a4 a6 11. Re1 Rc8 12. Rc1 Re8 13. Ne5 e6 14. Bg5 Qc7 15. Bf4 Nxe5 16. Bxe5 Qe7 17. Qb3 Nd7 18. Bg3 e5 19. dxe5 Bxe5 20. Bxe5 Qxe5 21. Bg4 f5 22. Bf3 c4 23. Qc2 Nc5 24. Be2 Bc6 25. Ra1 a5 26. Nf3 Qe4 27. Qxe4 fxe4 28. Nd4 Bxa4 29. Bg4 Bd7 30. b4 cxb3 31. Bxd7 Nxd7 32. Nxb3 Rxc3 33. Nd4 Rc5 34. Red1 Ne5 35. Rab1 Nc4 36. Nb3 Rb5 37. Nd2 Rxb1 38. Nxb1 Rc8 39. Kh2 Rc5 40. Kg3 a4 41. Kf4 a3 42. Nc3 Nb2 0-1

[Event "SCG-chT"]
[Site "Petrovac"]
[Date "2004.05.20"]
[Round "5.4"]
[White "Stanicic, Josip"]
[Black "Stankovic, Milos"]
[Result "1/2-1/2"]
[WhiteElo "2087"]
[BlackElo "2111"]
[PlyCount "86"]
[EventDate "2004.05.16"]
[EventType "team"]
[EventRounds "7"]
[EventCountry "YUG"]
[SourceTitle "CBM 100 Extra"]
[Source "ChessBase"]
[SourceDate "2004.07.06"]
[SourceVersion "2"]
[SourceVersionDate "2004.07.06"]
[SourceQuality "1"]
[WhiteTeam "12"]
[BlackTeam "04"]
[WhiteTeamCountry "YUG"]
[BlackTeamCountry "YUG"]

1. d4 Nf6 2. Nf3 c5 3. c3 e6 4. Bg5 Be7 5. e3 b6 6. Bd3 Bb7 7. 0-0 0-0 8. Qe2 cxd4 9. cxd4 Nd5 10. Bxe7 Qxe7 11. a3 f5 12. Nbd2 Nc6 13. Rac1 Rac8 14. Ba6 d6 15. Bxb7 Qxb7 16. Rc2 Rc7 17. Rfc1 Rfc8 18. Qb5 a6 19. Qd3 b5 20. Ng5 Nd8 21. h4 h6 22. Ngf3 Nc6 23. g3 Nf6 24. e4 Ne7 25. e5 Ne4 26. Rxc7 Rxc7 27. Rxc7 Qxc7 28. Nxe4 Qc1+ 29. Kg2 fxe4 30. Qxe4 d5 31. Qg4 Kf7 32. Qf4+ Qxf4 33. gxf4 g6 34. Kf1 Nf5 35. Ke2 Ke7 36. Kd3 Kd7 37. Kc3 Kc6 38. Kd3 a5 39. Kc3 Kb6 40. b3 Kc6 41. Kd3 Kb6 42. Ke2 Kc6 43. Kd3 Kb6 1/2-1/2

[Event "SCG-chT"]
[Site "Budva"]
[Date "2003.??.??"]
[Round "9.35"]
[White "Benderac, Srdjan"]
[Black "Stanicic, Josip"]
[Result "1/2-1/2"]
[WhiteElo "2345"]
[BlackElo "2087"]
[PlyCount "71"]
[EventDate "2003.09.??"]
[EventType "team"]
[EventRounds "11"]
[EventCountry "YUG"]
[SourceTitle "CBM 096 Extra"]
[Source "ChessBase"]
[SourceDate "2003.10.22"]
[SourceVersion "2"]
[SourceVersionDate "2003.10.20"]
[SourceQuality "1"]

1. e4 c6 2. d4 d5 3. exd5 cxd5 4. c4 Nf6 5. Nc3 g6 6. cxd5 Nxd5 7. Nf3 Bg7 8. Be2 0-0 9. 0-0 Nc6 10. h3 a6 11. Bg5 h6 12. Be3 Nxe3 13. fxe3 h5 14. Bc4 e6 15. Qe2 Ne7 16. Bd3 Nf5 17. Qf2 Rb8 18. Rad1 b5 19. Bxf5 exf5 20. d5 Qd6 21. Ne2 Bxb2 22. Ned4 Bc3 23. Qh4 Re8 24. Qg5 Bd7 25. Qh6 Qf8 26. Qf4 Qe7 27. Kh1 Kg7 28. Ng5 Bb4 29. Nc6 Bxc6 30. dxc6 Qxe3 31. Qxb4 Qxg5 32. Rd6 Qe7 33. Qd4+ Qe5 34. Qd2 Rbc8 35. Rc1 Rc7 36. Rd7 1/2-1/2

[Event "SCG-chT"]
[Site "Budva"]
[Date "2003.??.??"]
[Round "1.36"]
[White "Zlatic, Mihailo"]
[Black "Stanicic, Josip"]
[Result "1-0"]
[WhiteElo "2392"]
[BlackElo "2087"]
[PlyCount "53"]
[EventDate "2003.09.??"]
[EventType "team"]
[EventRounds "11"]
[EventCountry "YUG"]
[SourceTitle "CBM 096 Extra"]
[Source "ChessBase"]
[SourceDate "2003.10.22"]
[SourceVersion "2"]
[SourceVersionDate "2003.10.20"]
[SourceQuality "1"]

1. e4 c6 2. d4 d5 3. exd5 cxd5 4. c4 Nf6 5. Nc3 Nc6 6. Bg5 e6 7. Nf3 Be7 8. Bd3 a6 9. c5 Bd7 10. 0-0 0-0 11. Rb1 h6 12. Bf4 Nb4 13. Be2 Ne4 14. Qb3 Qa5 15. Ne5 Bc8 16. Nxe4 dxe4 17. Bd2 Qd8 18. Qxb4 f6 19. Ng6 Re8 20. f3 Qd5 21. fxe4 Qxe4 22. Nxe7+ Rxe7 23. Bf3 Qd3 24. c6 Kf7 25. cxb7 Bxb7 26. Bxb7 Rb8 27. Bxa6 1-0